La dignidad del anciano y su misión en la iglesia y en el mundo
Saved in:
| Corporate Author: | |
|---|---|
| Format: | Book |
| Language: | Spanish |
| Published: |
Ciudad del Vaticano
Consejo Pontificio para los Laicos
1998
|
| Subjects: | |
| Tags: |
Add Tag
No Tags, Be the first to tag this record!
|
MARC
| LEADER | 00000nam a2200000 a 4500 | ||
|---|---|---|---|
| 001 | UCP4120 | ||
| 003 | CL-VaPUC | ||
| 008 | 990724e19980000VC |||||||||||||||||spa|d | ||
| 082 | 0 | 4 | |a 262.91 |b CON |2 21 |
| 110 | 2 | |a Consejo Pontificio para los Laicos |e author |9 431545 | |
| 245 | 1 | 3 | |a La dignidad del anciano y su misión en la iglesia y en el mundo |
| 300 | |a 54 p | ||
| 942 | |c BK | ||
| 945 | |d 19990724 00:00:00 |a rbrito | ||
| 260 | |a Ciudad del Vaticano |b Consejo Pontificio para los Laicos |c 1998 | ||
| 650 | 0 | |a Ancianos |9 307293 | |
| 650 | 0 | |a Aspectos religiosos |9 257320 | |
| 650 | 0 | |a Iglesia Católica |9 256114 | |
| 650 | 7 | |a GERONTOLOGIA |2 CL-VaPUC |9 309824 | |
| 583 | |a last modification |c 19990724 00:00:00 |k Rodrigo Vera | ||
| 999 | |c 282186 |d 282184 | ||
| 952 | |0 0 |1 0 |4 0 |6 262_910000000000000_CON_1998 |7 0 |8 A |9 323695 |a BIBTEO |b BIBTEO |d 2019-11-20 |i 3522687 |o 262.91 CON 1998 |p 3522687 |r 2025-01-17 |w 2019-11-20 |y BK |k ICR | ||